000 00426nam a2200145 a 4500
001 000005078
005 20200929151556.0
008 090729s2000 sp 000 0 spa d
040 _aDO-SdBNP
_bspa
_cBNPHU
082 _axxxx
_bT266l
100 1 _aTejera Díaz, Juan Víctor
_910539
245 1 0 _aLeyes y reformas furutas /
_cJuan Víctor Tejera Díaz.
260 _aSanto Domingo :
_bCorripio,
_c2000.
300 _a524 p. ;
_c26 cm.
999 _c4882
_d4882